[Event "Tarragona-ch"]
[Site "Tarragona"]
[Date "2003.??.??"]
[Round "8"]
[White "Rel Cartoixa, Eduard"]
[Black "Mestieri Rius, Gabriel"]
[Result "1-0"]
[WhiteElo "2000"]
[BlackElo "2095"]
[PlyCount "118"]
[EventDate "2003.??.??"]
[EventType "swiss"]
[EventRounds "9"]
[EventCountry "ESP"]
[SourceTitle "EXT 2007"]
[Source "ChessBase"]
[SourceDate "2006.11.23"]
[SourceVersion "1"]
[SourceVersionDate "2006.11.23"]
[SourceQuality "1"]

1. d4 d5 2. c4 c6 3. Nf3 Nf6 4. Nc3 dxc4 5. a4 Bf5 6. e3 e6 7. Bxc4 Bb4 8. 0-0 0-0 9. Qb3 a5 10. Nh4 Be4 11. Nxe4 Nxe4 12. Nf3 Qe7 13. Bd3 Nf6 14. e4 h6 15. h3 Nbd7 16. e5 Nd5 17. Bc2 f5 18. exf6 Qxf6 19. Qd3 Qf5 20. Qe2 Qf6 21. Ne5 Nxe5 22. dxe5 Qf7 23. Qg4 Kh8 24. Qe4 Qf5 25. Qc4 Qxe5 26. Qd3 Qf5 27. Qe2 Qf7 28. Qd3 Nf6 29. b3 Rad8 30. Qg3 Bd6 31. Qe3 Nd5 32. Qe4 Qf5 33. Bb2 Qxe4 34. Bxe4 Rf4 35. Bd3 Rdf8 36. f3 Rd8 37. Rfe1 Bc5+ 38. Kh1 Ne3 39. Be4 Rxe4 40. fxe4 Nc2 41. Red1 Rf8 42. Rac1 Rf2 43. Rd7 Bf8 44. Rxb7 Ne3 45. Bd4 Re2 46. Bxe3 Rxe3 47. Rxc6 Rxe4 48. Rbb6 e5 49. Re6 Rd4 50. Rxe5 Rd1+ 51. Kh2 Bd6 52. Rxd6 Rxd6 53. Rxa5 Kg8 54. Rb5 Kf8 55. g4 Rd7 56. a5 Ke8 57. Rb6 Kd8 58. Kg3 Kc7 59. Kf4 Rd2 1-0